UEFA Europa League: 25+ Matches (2000-) - Statistics

General Stats
  • This quiz has been taken 6 times
  • The average score is 151 of 607
Answer Stats
Ranking Player Positions Nationality Matches Goals (assists) Periods Clubs % Correct
13 Bruno Fernandes MF, FW 58 27 (21) 2017-2020, 2022-2023, 2024-2025
100%
20 Christian Eriksen MF, FW 55 10 (11) 2009-2016, 2019-2020, 2022-2023, 2024-2025
100%
28 Edin Džeko FW 52 24 (9) 2009-2011, 2016-2017, 2019-2020, 2024-2025
100%
78 Fred MF, FW 43 4 (7) 2013-2014, 2016-2017, 2019-2020, 2022-2023, 2024-2025
100%
268 Manuel Fernandes MF 32 9 (7) 2009-2010, 2011-2012, 2015-2016, 2017-2018, 2019-2020
100%
269 Marcus Berg FW 32 9 (4) 2009-2010, 2014-2015, 2016-2017, 2019-2021
100%
92 Marcus Rashford MF, FW 42 14 (6) 2015-2016, 2019-2020, 2022-2023, 2024-2025
100%
590 Orlando Sá FW 25 2 (2) 2011-2012, 2014-2015, 2016-2017, 2018-2019
100%
65 Pepe Reina GK 46 0 (0) 2009-2010, 2012-2013, 2015-2016, 2017-2018, 2023-2024
100%
250 Adrián López MF, FW 32 9 (4) 2011-2012, 2015-2017
80%
252 Alessio Romagnoli DF 32 3 (1) 2017-2018, 2020-2021, 2022-2023, 2024-2025
80%
12 Alexandre Lacazette FW 58 26 (5) 2012-2013, 2016-2020, 2024-2025
80%
123 André Horta MF, FW 39 1 (2) 2017-2018, 2019-2022, 2024-2025
80%
282 André Silva FW 31 9 (3) 2017-2019, 2021-2022
80%
40 Andriy Yarmolenko MF, FW 49 15 (9) 2010-2014, 2021-2022, 2024-2025
80%
536 Ángel Di María MF, FW 25 11 (7) 2009-2010, 2022-2024
80%
315 Anthony Martial MF, FW 30 8 (1) 2012-2013, 2015-2016, 2019-2023
80%
113 Ben Davies DF, MF 40 0 (1) 2013-2016, 2020-2021, 2024-2025
80%
45 Chris Smalling DF 48 0 (0) 2009-2010, 2011-2012, 2015-2016, 2019-2020, 2022-2024
80%
125 Ciprian Tătărușanu GK 39 0 (0) 2010-2012, 2014-2016, 2020-2021
80%
395 Danilo da Silva DF 28 0 (2) 2010-2011, 2013-2015
80%
101 David de Gea GK 41 0 (0) 2009-2011, 2015-2016, 2019-2020, 2022-2023
80%
228 David Silva MF, FW 33 4 (6) 2009-2011, 2020-2023
80%
320 Davinson Sánchez DF 30 1 (1) 2016-2017, 2020-2021, 2023-2025
80%
495 Diego López GK 26 0 (0) 2009-2010, 2019-2020
80%
286 Dirk Kuyt DF, FW 31 6 (3) 2009-2010, 2012-2013, 2016-2017
80%
1 Dries Mertens MF, FW 73 18 (17) 2010-2015, 2017-2018, 2020-2021, 2023-2025
80%
102 Edmond Tapsoba DF 41 3 (1) 2019-2024
80%
62 Filip Kostić DF, MF, FW 46 9 (11) 2018-2019, 2021-2022, 2024-2025
80%
4 Granit Xhaka DF, MF 63 5 (6) 2010-2011, 2012-2013, 2014-2015, 2017-2020, 2022-2024
80%
293 Harry Kane FW 31 11 (5) 2011-2012, 2013-2016, 2020-2021
80%
323 Harry Maguire DF 30 2 (1) 2019-2020, 2022-2023, 2024-2025
80%
21 Henrikh Mkhitaryan MF, FW 55 10 (11) 2015-2021
80%
9 James Tavernier DF 59 10 (9) 2012-2013, 2018-2021, 2023-2025
80%
24 Jan Vertonghen DF 53 3 (0) 2009-2016, 2020-2021, 2024-2025
80%
29 João Moutinho MF 52 2 (5) 2009-2011, 2015-2016, 2019-2020, 2023-2025
80%
69 Jonathan Tah DF 45 0 (2) 2015-2016, 2018-2024
80%
48 Kalidou Koulibaly DF 48 0 (0) 2012-2015, 2017-2018, 2020-2022
80%
32 Kévin Gameiro FW 51 22 (6) 2011-2012, 2013-2015, 2017-2019
80%
72 Kevin Trapp GK 44 0 (0) 2013-2014, 2018-2019, 2021-2022, 2024-2025
80%
50 Luuk de Jong FW 48 17 (5) 2009-2012, 2014-2015, 2019-2020, 2021-2023
80%
91 Marcelo DF 42 3 (0) 2010-2012, 2016-2018
80%
93 Marek Hamšík MF 42 9 (7) 2010-2011, 2012-2015, 2017-2018, 2022-2023
80%
270 Mattéo Guendouzi MF 32 1 (2) 2018-2019, 2021-2022, 2024-2025
80%
118 Michy Batshuayi FW 40 10 (0) 2011-2012, 2013-2014, 2015-2016, 2017-2018, 2022-2023, 2024-2025
80%
15 Mohamed Elneny MF 57 5 (3) 2012-2013, 2015-2016, 2017-2020, 2022-2023
80%
148 Mohamed Salah MF, FW 37 10 (9) 2012-2013, 2014-2015, 2016-2017, 2023-2024
80%
521 Patric DF 26 1 (0) 2017-2019, 2021-2022, 2024-2025
80%
120 Pau López GK 40 0 (0) 2018-2021, 2023-2024
80%
6 Pierre-Emerick Aubameyang MF, FW 62 34 (6) 2009-2010, 2015-2016, 2018-2021, 2023-2024
80%
108 Rafa Silva MF, FW 41 10 (9) 2015-2016, 2018-2020, 2023-2025
80%
37 Ricardo Horta MF, FW 50 14 (10) 2016-2017, 2019-2022, 2024-2025
80%
66 Romelu Lukaku FW 46 27 (7) 2009-2010, 2014-2015, 2019-2020, 2023-2024
80%
2 Rui Patrício GK 69 0 (0) 2009-2012, 2014-2015, 2017-2018, 2019-2020, 2022-2023
80%
82 Sead Kolašinac DF, MF 43 2 (5) 2015-2020, 2023-2024
80%
142 Sergej Milinković-Savić MF 38 7 (5) 2015-2016, 2017-2019, 2021-2023
80%
600 Taulant Xhaka DF, MF 25 0 (1) 2013-2014, 2015-2016, 2019-2020
80%
336 Toby Alderweireld DF 30 3 (1) 2009-2012, 2015-2016, 2020-2021
80%
17 Víctor Ruiz DF, MF 57 1 (2) 2010-2011, 2013-2019, 2021-2023
80%
224 Alberto Moreno DF, MF 33 0 (4) 2013-2015, 2020-2021, 2023-2024
60%
3 Aleksandar Dragović DF, MF 66 2 (1) 2009-2010, 2012-2014, 2018-2023
60%
98 Allan McGregor GK 41 0 (0) 2010-2011, 2018-2022
60%
27 André Ramalho DF 52 2 (2) 2013-2023
60%
152 Anthony Lopes GK 36 0 (0) 2012-2013, 2016-2017, 2021-2022
60%
59 Atiba Hutchinson DF, MF 46 1 (2) 2009-2012, 2014-2016, 2019-2020
60%
539 Bernd Leno GK 25 0 (0) 2012-2013, 2015-2016, 2018-2021
60%
255 Bertrand Traoré MF, FW 32 11 (7) 2016-2017, 2024-2025
60%
5 Bryan Cristante DF, MF 62 5 (2) 2017-2018, 2019-2020, 2022-2025
60%
177 Callum McGregor MF 35 3 (2) 2014-2015, 2017-2022
60%
19 Carlos Bacca FW 55 19 (6) 2012-2014, 2017-2018, 2020-2021
60%
284 César Navas DF 31 0 (1) 2009-2013, 2016-2017
60%
179 Ciro Immobile FW 35 16 (6) 2017-2019, 2021-2022, 2024-2025
60%
349 Daley Blind DF, MF 29 0 (0) 2010-2013, 2015-2016, 2019-2021
60%
46 Daniel Parejo MF 48 4 (7) 2010-2011, 2013-2014, 2015-2016, 2018-2019, 2020-2021, 2023-2024
60%
435 Danny da Costa DF, FW 27 3 (3) 2010-2011, 2018-2019, 2021-2022
60%
155 David Luiz DF, MF 36 3 (1) 2009-2010, 2012-2013, 2018-2021
60%
156 Diogo Dalot DF, MF 36 5 (2) 2019-2020, 2022-2023, 2024-2025
60%
85 Domagoj Vida DF, MF 42 2 (0) 2010-2011, 2012-2014, 2017-2019, 2023-2024
60%
230 Dušan Tadić MF, FW 33 6 (5) 2012-2013, 2016-2017, 2019-2020, 2022-2023, 2024-2025
60%
290 Eric Bailly DF 31 1 (1) 2014-2016, 2019-2020, 2023-2024
60%
183 Érik Lamela MF, FW 35 11 (6) 2013-2015, 2020-2021, 2022-2023
60%
47 Éver Banega MF 48 4 (11) 2009-2010, 2013-2016, 2018-2020
60%
231 Felipe Anderson MF, FW 33 8 (5) 2013-2014, 2015-2016, 2017-2018, 2021-2023
60%
232 Florian Wirtz MF, FW 33 12 (12) 2019-2024
60%
184 Gerard Moreno MF, FW 35 16 (8) 2014-2015, 2018-2019, 2020-2021, 2023-2024
60%
258 Giuseppe Rossi FW 32 17 (5) 2009-2010, 2013-2014, 2015-2017
60%
564 Ibrahim Traoré MF, FW 25 2 (1) 2017-2018, 2020-2021
60%
503 Igor Akinfeev GK 26 0 (0) 2010-2011, 2017-2018, 2019-2021
60%
79 Iker Muniain MF, FW 43 6 (7) 2009-2010, 2011-2012, 2014-2018
60%
139 Iñaki Williams MF, FW 38 12 (2) 2014-2017, 2024-2025
60%
210 Jaume Costa DF 34 0 (2) 2014-2018, 2020-2021
60%
158 Javi García DF, MF 36 1 (1) 2009-2010, 2014-2015, 2016-2017, 2018-2019
60%
296 Jesús Navas DF, FW 31 0 (5) 2010-2011, 2018-2019, 2021-2023
60%
449 Jonathan dos Santos MF 27 2 (2) 2014-2017
60%
265 José Callejón MF, FW 32 7 (9) 2013-2015, 2017-2019
60%
36 Juan Mata MF, FW 50 10 (14) 2009-2010, 2012-2013, 2015-2016, 2019-2021
60%
403 Koke MF 28 2 (5) 2011-2012, 2017-2018
60%
452 Kostas Manolas DF 27 2 (0) 2010-2012, 2014-2015, 2016-2017, 2021-2023
60%
361 Lacina Traoré FW 29 6 (1) 2009-2010, 2012-2013, 2015-2016, 2019-2020
60%
64 Leandro Paredes MF 46 4 (6) 2014-2015, 2016-2018, 2022-2025
60%
508 Lisandro Martínez DF, MF 26 0 (1) 2019-2020, 2022-2023, 2024-2025
60%
25 Lorenzo Pellegrini MF 53 11 (13) 2016-2017, 2019-2020, 2022-2025
60%
460 Mario Götze MF, FW 27 6 (6) 2010-2011, 2017-2018, 2020-2021, 2024-2025
60%
30 Martin Hinteregger DF, MF 52 2 (0) 2010-2011, 2013-2014, 2018-2019, 2021-2022
60%
130 Martin Škrtel DF 39 1 (0) 2009-2010, 2012-2013, 2014-2016, 2018-2020
60%
94 Matías Fernández MF 42 6 (6) 2009-2011, 2013-2016
60%
26 Mehmet Topal DF, MF 53 6 (1) 2009-2010, 2011-2012, 2015-2016, 2018-2020
60%
365 Mesut Özil MF, FW 29 3 (11) 2009-2010, 2017-2019, 2021-2022
60%
466 Naldo DF 27 4 (1) 2009-2010, 2014-2015, 2016-2017
60%
582 Nani MF, FW 25 2 (2) 2011-2012, 2014-2015, 2017-2019
60%
57 Nemanja Matić MF 47 1 (2) 2012-2013, 2019-2020, 2022-2025
60%
44 Óscar Cardozo FW 49 20 (1) 2009-2010, 2012-2014, 2016-2017
60%
164 Paul Pogba MF, FW 36 6 (4) 2011-2012, 2013-2014, 2016-2017, 2019-2020, 2022-2023
60%
34 Pedro MF, FW 51 13 (10) 2018-2019, 2020-2022, 2024-2025
60%
307 Radamel Falcao FW 31 30 (5) 2010-2013
60%
53 Raúl García MF, FW 48 7 (6) 2009-2010, 2012-2013, 2015-2018
60%
420 Sergio Romero GK 28 0 (0) 2010-2011, 2015-2016, 2019-2020
60%
143 Simon Kjær DF 38 4 (0) 2014-2016, 2018-2019, 2020-2021, 2023-2024
60%
83 Sokratis Papastathopoulos DF 43 2 (0) 2009-2010, 2015-2016, 2017-2023
60%
523 Son Heung-min MF, FW 26 9 (6) 2015-2016, 2020-2021, 2024-2025
60%
122 Steve Mandanda GK 40 0 (0) 2009-2010, 2012-2013, 2015-2016, 2017-2018, 2021-2024
60%
11 Taison MF, FW 59 14 (11) 2010-2013, 2015-2016, 2018-2020, 2024-2025
60%
150 Tomáš Souček MF 37 5 (4) 2017-2018, 2021-2022, 2023-2024
60%
170 Tomáš Vaclík GK 36 0 (0) 2012-2013, 2015-2016, 2018-2019, 2021-2023
60%
134 Willian MF, FW 39 4 (11) 2009-2010, 2012-2013, 2018-2019, 2020-2021, 2024-2025
60%
31 Yevhen Konoplyanka MF, FW 52 8 (5) 2012-2016, 2019-2021
60%
222 Youri Tielemans MF 34 3 (2) 2014-2016, 2020-2022
60%
223 Adam Marušić DF 33 1 (1) 2017-2018, 2021-2022, 2024-2025
40%
97 Ainsley Maitland-Niles DF, MF 41 1 (6) 2017-2020, 2024-2025
40%
253 Ander Herrera MF 32 3 (2) 2011-2012, 2015-2016, 2024-2025
40%
7 Andreas Ulmer DF 61 2 (8) 2009-2010, 2011-2012, 2013-2014, 2016-2020, 2022-2023
40%
429 Andrej Kramarić MF, FW 27 8 (3) 2009-2010, 2013-2014, 2017-2018, 2020-2021, 2024-2025
40%
428 André Martins MF 27 0 (0) 2011-2012, 2014-2016, 2021-2022
40%
124 Aritz Aduriz FW 39 26 (5) 2011-2012, 2014-2018
40%
256 Caner Erkin DF, MF 32 2 (6) 2009-2010, 2012-2013, 2015-2016, 2018-2020
40%
541 Casemiro MF 25 2 (3) 2022-2023, 2024-2025
40%
546 Cody Gakpo MF, FW 25 10 (6) 2019-2024
40%
8 Daniel Carriço DF, MF 61 3 (1) 2009-2015, 2018-2020
40%
492 Daniel Kolář MF 26 5 (3) 2011-2013, 2015-2016, 2017-2018
40%
84 Davy Klaassen MF 42 6 (2) 2011-2012, 2013-2017, 2020-2021, 2022-2023, 2024-2025
40%
61 Denys Boyko GK 46 0 (0) 2010-2011, 2013-2015, 2017-2019, 2022-2023
40%
180 Diego Godín DF 35 3 (0) 2009-2012, 2017-2018, 2019-2020
40%
553 Djibril Sow MF 25 1 (4) 2017-2018, 2019-2020, 2021-2022
40%
182 Dominik Livaković GK 35 0 (0) 2018-2019, 2020-2021, 2024-2025
40%
205 Duje Ćaleta-Car DF 34 0 (2) 2014-2015, 2016-2018, 2021-2022, 2024-2025
40%
287 Eden Hazard MF, FW 31 5 (6) 2009-2010, 2012-2013, 2018-2019
40%
86 Eduardo Salvio MF, FW 42 10 (6) 2009-2013, 2018-2019
40%
556 Eran Zahavi MF, FW 25 9 (2) 2009-2010, 2013-2014, 2020-2021, 2024-2025
40%
87 Federico Fazio DF 42 4 (2) 2010-2011, 2013-2016, 2019-2021
40%
138 Fernando DF, MF 38 0 (2) 2010-2011, 2013-2014, 2018-2019, 2021-2023
40%
88 Fredrik Gulbrandsen MF, FW 42 8 (1) 2015-2019, 2023-2024
40%
557 Gelson Martins MF, FW 25 2 (4) 2015-2016, 2017-2018, 2021-2022, 2024-2025
40%
259 Glen Kamara MF 32 2 (1) 2019-2022
40%
292 Gökhan Inler MF 31 1 (0) 2012-2014, 2016-2018
40%
294 Hugo Lloris GK 31 0 (0) 2012-2016, 2020-2021
40%
262 Ivan Perišić DF, MF, FW 32 6 (3) 2009-2010, 2014-2015, 2016-2017, 2018-2019
40%
236 Jeremie Frimpong DF, MF, FW 33 4 (3) 2019-2024
40%
159 João Pereira DF, MF 36 0 (8) 2010-2011, 2013-2014, 2015-2016, 2019-2020
40%
70 Jordan Veretout MF 45 5 (6) 2016-2017, 2019-2020, 2023-2025
40%
147 Juan Jesus DF 37 0 (1) 2012-2013, 2014-2015, 2016-2017, 2019-2022
40%
211 Kerem Demirbay MF 34 4 (8) 2017-2018, 2019-2025
40%
359 Kevin Kampl MF 29 6 (10) 2010-2011, 2013-2014, 2017-2018, 2021-2022
40%
89 Kévin Théophile-Catherine DF 42 0 (1) 2011-2012, 2014-2016, 2018-2019, 2020-2022
40%
404 Lars Bender DF, MF 28 0 (2) 2010-2011, 2012-2013, 2018-2021
40%
128 Leander Dendoncker DF, MF 39 2 (1) 2014-2016, 2019-2020, 2024-2025
40%
453 Leon Bailey DF, MF, FW 27 10 (5) 2016-2017, 2018-2021
40%
129 Lorenzo Insigne MF, FW 39 6 (8) 2012-2015, 2017-2018, 2020-2022
40%
42 Lucas Leiva MF 49 4 (5) 2009-2010, 2012-2013, 2015-2016, 2017-2019, 2021-2022
40%
90 Lucas Ocampos MF, FW 42 10 (4) 2015-2016, 2017-2019, 2021-2023
40%
327 Luis Alberto MF, FW 30 3 (11) 2017-2019, 2021-2023
40%
405 Luís Neto DF 28 0 (1) 2012-2013, 2014-2015, 2016-2017, 2018-2019, 2023-2024
40%
406 Luiz Felipe GK, DF 28 0 (1) 2017-2019, 2021-2023
40%
162 Luiz Gustavo DF, MF 36 2 (0) 2014-2015, 2017-2018, 2021-2022
40%
300 Lukáš Hrádecký GK 31 0 (0) 2018-2023
40%
407 Luke Shaw DF, MF 28 0 (3) 2016-2017, 2019-2020, 2022-2023, 2024-2025
40%
301 Makoto Hasebe DF, MF 31 0 (0) 2009-2010, 2018-2019, 2021-2022
40%
457 Marcel Sabitzer MF, FW 27 4 (3) 2013-2014, 2017-2018, 2022-2023
40%
408 Marcos Alonso DF, MF 28 4 (1) 2013-2015, 2018-2019, 2022-2023
40%
459 Marcos Rojo DF 27 0 (1) 2010-2011, 2012-2013, 2015-2016, 2019-2020
40%
10 Matheus GK 59 0 (0) 2015-2017, 2019-2025
40%
574 Matheus Leite Nascimento MF, FW 25 5 (2) 2012-2016
40%
410 Maxi Pereira DF 28 3 (2) 2009-2010, 2012-2013, 2015-2016
40%
187 Memphis MF, FW 35 10 (5) 2012-2017, 2021-2022
40%
106 Miroslav Stoch MF, FW 41 5 (2) 2009-2010, 2012-2013, 2016-2019
40%
43 Moanes Dabbur MF, FW 49 24 (5) 2011-2012, 2013-2014, 2016-2021
40%
80 Mohamed Camara MF, FW 43 0 (5) 2018-2025
40%
271 Mousa Dembélé MF 32 3 (2) 2011-2017
40%
580 Moussa Sow MF, FW 25 4 (2) 2010-2011, 2012-2013, 2016-2017
40%
303 Nabil Fekir MF, FW 31 11 (7) 2013-2014, 2016-2017, 2021-2024
40%
52 Nemanja Gudelj DF, MF 48 2 (2) 2013-2014, 2015-2016, 2018-2019, 2021-2023
40%
58 Nick Viergever DF 47 5 (1) 2010-2011, 2013-2016, 2019-2021
40%
517 Nicolás Otamendi DF 26 1 (0) 2010-2011, 2020-2021, 2023-2024
40%
71 Obite N'Dicka DF 45 2 (2) 2018-2019, 2021-2022, 2023-2025
40%
586 Oliver Baumann GK 25 0 (0) 2013-2014, 2017-2018, 2020-2021, 2024-2025
40%
588 Orkun Kökçü MF 25 4 (4) 2019-2020, 2022-2024
40%
22 Óscar de Marcos DF, FW 54 6 (7) 2009-2010, 2011-2012, 2014-2017, 2024-2025
40%
308 Raúl Albiol DF 31 2 (0) 2013-2015, 2017-2018, 2020-2021, 2023-2024
40%
244 Ricardo Quaresma MF, FW 33 9 (7) 2010-2011, 2013-2014, 2015-2016, 2018-2019
40%
595 Ritsu Doan DF, MF, FW 25 3 (6) 2019-2020, 2021-2024
40%
95 Roberto Soldado FW 42 10 (5) 2011-2012, 2013-2016, 2020-2021
40%
378 Ryan Babel MF, FW 29 6 (2) 2009-2010, 2016-2017, 2018-2019, 2021-2022
40%
219 Ryan Kent MF, FW 34 4 (6) 2018-2022
40%
16 Senad Lulić DF, MF, FW 57 4 (3) 2010-2013, 2015-2016, 2017-2020
40%
334 Shkodran Mustafi DF 30 2 (0) 2009-2010, 2015-2016, 2017-2021
40%
195 Stefan Lainer DF, MF 35 1 (8) 2016-2020
40%
144 Steven Berghuis MF, FW 38 3 (4) 2011-2012, 2013-2014, 2016-2017, 2019-2020, 2022-2025
40%
380 Suso MF, FW 29 4 (1) 2012-2013, 2017-2019, 2022-2023
40%
476 Tanguy Ndombele MF 27 2 (2) 2017-2018, 2020-2021, 2023-2025
40%
601 Thomas Meunier DF, MF 25 3 (2) 2011-2012, 2014-2015, 2021-2022
40%
526 Thomas Strakosha GK 26 0 (0) 2017-2019, 2021-2022
40%
172 Vladimír Coufal DF 36 2 (1) 2013-2014, 2015-2016, 2018-2019, 2021-2022, 2023-2024
40%
173 William Carvalho MF 36 0 (0) 2014-2015, 2017-2018, 2021-2024
40%
146 Yann Sommer GK 38 0 (0) 2012-2014, 2016-2017, 2019-2020
40%
313 Youssef En-Nesyri FW 31 12 (0) 2019-2020, 2021-2022, 2024-2025
40%
480 Yvon Mvogo GK 27 0 (0) 2014-2015, 2016-2017, 2018-2019, 2020-2021
40%
96 Abdellah Zoubir MF, FW 41 8 (4) 2018-2020, 2022-2025
20%
280 Adam Hložek MF, FW 31 7 (4) 2020-2025
20%
174 Adam Maher MF 35 6 (1) 2010-2011, 2013-2014, 2016-2017
20%
54 Adil Rami DF 47 6 (1) 2009-2011, 2013-2014, 2015-2016, 2017-2019
20%
387 Alan MF, FW 28 4 (4) 2010-2011, 2015-2017
20%
482 Aleksei Miranchuk MF, FW 26 2 (9) 2015-2016, 2017-2018, 2021-2022, 2023-2024
20%
532 Álex Grimaldo DF, MF 25 3 (6) 2018-2020, 2023-2024
20%
341 Álex Remiro GK 29 0 (0) 2020-2022, 2024-2025
20%
226 Alfredo Morelos FW 33 15 (7) 2018-2022
20%
314 Almoatasem Al Musrati MF 30 3 (0) 2019-2022, 2024-2025
20%
390 André Onana GK 28 0 (0) 2016-2017, 2019-2020, 2024-2025
20%
283 Andrés Guardado DF, MF, FW 31 1 (0) 2013-2014, 2018-2019, 2021-2024
20%
254 Andriy Pyatov GK 32 0 (0) 2009-2010, 2013-2014, 2015-2016, 2018-2020
20%
487 Arkadiusz Milik FW 26 10 (3) 2012-2013, 2014-2015, 2018-2019, 2021-2023
20%
537 Artem Dzyuba FW 25 6 (5) 2010-2011, 2016-2018, 2021-2022
20%
345 Balázs Dzsudzsák MF, FW 29 7 (5) 2009-2010, 2014-2015
20%
35 Borja Valero MF 50 3 (6) 2010-2011, 2013-2016, 2018-2020
20%
100 Borna Barišić DF 41 3 (8) 2018-2021, 2023-2024
20%
432 Breel Embolo MF, FW 27 4 (3) 2013-2014, 2015-2016, 2019-2020, 2022-2023
20%
490 Bruno Petković MF, FW 26 9 (4) 2018-2019, 2020-2022
20%
60 Bruno Soriano MF 46 4 (2) 2009-2010, 2014-2017
20%
540 Bukayo Saka DF, MF, FW 25 5 (7) 2018-2020, 2022-2023
20%
542 Cédric Bakambu FW 25 12 (0) 2015-2018
20%
547 Coke DF, MF 25 2 (1) 2013-2016
20%
348 Corentin Tolisso DF, MF 29 5 (3) 2013-2014, 2016-2017, 2024-2025
20%
549 Daley Sinkgraven DF, MF 25 0 (1) 2014-2016, 2019-2022
20%
550 Davide Zappacosta DF, MF 25 0 (6) 2018-2019, 2021-2022, 2023-2024
20%
551 Denis Suárez MF, FW 25 4 (7) 2014-2015, 2018-2019, 2023-2024
20%
554 Domenico Criscito DF, MF 25 3 (4) 2009-2010, 2012-2013, 2014-2015, 2016-2018
20%
229 Douglas DF 33 2 (1) 2009-2012, 2014-2015
20%
206 Fabian Frei DF, MF 34 6 (6) 2012-2013, 2016-2017, 2019-2020
20%
157 Fernando Llorente FW 36 16 (4) 2009-2010, 2011-2013, 2015-2016
20%
322 Georginio Wijnaldum MF, FW 30 6 (1) 2011-2012, 2014-2015, 2022-2023
20%
41 Gianluca Mancini DF, MF 49 5 (2) 2019-2020, 2022-2025
20%
207 Gökdeniz Karadeniz MF, FW 34 6 (5) 2009-2013, 2015-2016
20%
208 Gökhan Gönül DF 34 0 (2) 2009-2010, 2012-2013, 2015-2016, 2018-2020
20%
63 Gonzalo Rodríguez DF 46 4 (1) 2009-2010, 2013-2017
20%
234 İrfan Kahveci MF, FW 33 3 (3) 2017-2018, 2019-2020, 2021-2022, 2024-2025
20%
324 İsmail Köybaşı DF, FW 30 0 (0) 2010-2011, 2014-2016, 2018-2019
20%
127 Iván Marcano DF 39 3 (1) 2009-2013, 2015-2016, 2019-2020
20%
235 Jens Petter Hauge MF, FW 33 6 (4) 2020-2021, 2024-2025
20%
14 Jeremain Lens MF, FW 57 13 (7) 2010-2014, 2016-2017, 2018-2020
20%
56 Joaquín MF, FW 47 6 (6) 2009-2010, 2013-2014, 2018-2019, 2021-2023
20%
568 Joël Veltman DF 25 0 (0) 2013-2016, 2023-2024
20%
297 Jonas Svensson DF, MF 31 1 (4) 2012-2013, 2015-2016, 2019-2020, 2024-2025
20%
450 Jonny Castro DF, MF 27 0 (2) 2016-2017, 2019-2020, 2024-2025
20%
115 José Sosa MF 40 3 (9) 2010-2012, 2014-2015, 2019-2020, 2021-2022
20%
160 Júnior Caiçara DF 36 1 (2) 2013-2014, 2015-2017, 2019-2020
20%
298 Kieran Tierney DF, MF, FW 31 3 (3) 2015-2016, 2017-2020, 2022-2023
20%
238 Kostas Fortounis MF, FW 33 6 (9) 2014-2016, 2018-2020, 2023-2024
20%
570 Kristoffer Olsson MF, FW 25 0 (1) 2015-2016, 2018-2020, 2022-2023
20%
49 Leonardo Spinazzola DF, MF, FW 48 2 (7) 2017-2018, 2019-2020, 2022-2024
20%
454 Leon Balogun DF 27 2 (0) 2016-2017, 2020-2021, 2024-2025
20%
266 Lima FW 32 9 (3) 2010-2014
20%
185 Lucas Biglia MF 35 3 (4) 2009-2011, 2013-2014, 2015-2016, 2017-2019
20%
362 Lucas Torreira MF 29 0 (2) 2018-2019, 2023-2025
20%
212 Luisão DF 34 4 (2) 2009-2010, 2012-2014
20%
18 Manu Trigueros MF, FW 56 3 (3) 2014-2018, 2020-2021, 2023-2024
20%
572 Mario Suárez MF 25 0 (1) 2010-2012, 2015-2016
20%
575 Mathew Ryan GK 25 0 (0) 2014-2016, 2021-2022
20%
105 Mathieu Valbuena MF, FW 41 3 (8) 2009-2010, 2012-2013, 2014-2015, 2016-2017, 2018-2023
20%
241 Matías Suárez MF, FW 33 10 (3) 2009-2011, 2015-2016
20%
215 Matías Vecino MF, FW 34 4 (4) 2015-2016, 2018-2019, 2022-2023, 2024-2025
20%
186 Matthias Ginter DF, MF 35 2 (2) 2013-2014, 2015-2016, 2019-2020, 2022-2024
20%
576 Mauricio Isla DF, MF 25 0 (0) 2011-2012, 2013-2014, 2015-2016, 2018-2019
20%
577 Michael Frey FW 25 3 (2) 2012-2013, 2014-2015, 2016-2017, 2018-2019, 2021-2022
20%
412 Miguel Veloso MF 28 7 (1) 2009-2010, 2012-2015
20%
579 Mike Jensen MF 25 1 (1) 2015-2016, 2017-2020
20%
131 Mikel San José DF, MF 39 3 (0) 2009-2010, 2011-2012, 2014-2018
20%
188 Miralem Sulejmani MF, FW 35 4 (2) 2009-2011, 2013-2014, 2016-2017, 2020-2021
20%
414 Moussa Diaby DF, MF, FW 28 12 (10) 2019-2023
20%
272 Nacer Chadli MF, FW 32 7 (4) 2010-2016
20%
514 Nacho Monreal DF 26 2 (1) 2017-2018, 2020-2021
20%
581 Nadiem Amiri MF, FW 25 3 (4) 2017-2018, 2019-2023
20%
73 Necip Uysal DF, MF 44 0 (0) 2010-2011, 2014-2016, 2018-2020
20%
467 Nicolás Gaitán MF, FW 27 4 (1) 2010-2011, 2012-2013, 2017-2018, 2020-2021
20%
516 Nicola Zalewski DF, MF, FW 26 0 (2) 2020-2021, 2022-2025
20%
74 Nikola Kalinić FW 44 13 (6) 2012-2017, 2019-2020
20%
417 Oğuzhan Özyakup MF 28 1 (6) 2014-2016, 2018-2020
20%
119 Ola Toivonen MF, FW 40 10 (6) 2009-2013, 2022-2023
20%
469 Oleksandr Karavayev DF, MF, FW 27 0 (1) 2016-2017, 2019-2020, 2022-2023, 2024-2025
20%
587 Olivier Giroud FW 25 15 (7) 2017-2018, 2023-2024
20%
371 Oscar Wendt DF, MF 29 0 (1) 2009-2010, 2012-2013, 2014-2015, 2016-2017, 2019-2020
20%
163 Pablo Fornals MF, FW 36 4 (7) 2017-2018, 2021-2022, 2023-2024
20%
331 Panagiotis Retsos DF 30 0 (0) 2016-2017, 2018-2019, 2021-2025
20%
190 Papa Gueye DF 35 2 (0) 2010-2012, 2014-2016
20%
274 Paulinho MF, FW 32 9 (2) 2017-2018, 2019-2020, 2022-2024
20%
305 Paulo Dybala MF, FW 31 9 (3) 2022-2025
20%
373 Péter Gulácsi GK 29 0 (0) 2013-2014, 2017-2018, 2021-2022
20%
522 Piero Hincapié DF, MF 26 1 (0) 2021-2024
20%
217 Pierre Bengtsson DF, MF 34 0 (3) 2011-2012, 2014-2015, 2017-2020
20%
306 Pione Sisto MF, FW 31 6 (0) 2015-2016, 2021-2023
20%
592 Ragnar Sigurðsson DF 25 1 (0) 2011-2012, 2014-2015, 2019-2020
20%
594 Rasmus Bengtsson DF 25 2 (0) 2009-2010, 2011-2012, 2018-2020
20%
165 Richard Almeida MF 36 3 (0) 2014-2016, 2018-2019, 2022-2023
20%
192 Rick Karsdorp DF, MF, FW 35 1 (0) 2014-2015, 2016-2017, 2019-2020, 2022-2024
20%
110 Ricky van Wolfswinkel MF, FW 41 13 (1) 2010-2012, 2014-2015, 2019-2020, 2024-2025
20%
309 Roman Eremenko MF 31 4 (9) 2010-2011, 2012-2013, 2018-2019
20%
472 Ryan Jack MF 27 0 (1) 2018-2021, 2023-2024
20%
245 Samir Handanović GK 33 0 (0) 2011-2012, 2014-2015, 2016-2017, 2018-2020
20%
141 Samu Castillejo MF, FW 38 3 (4) 2015-2018, 2020-2021
20%
598 Santi Cazorla MF 25 3 (4) 2009-2010, 2018-2019
20%
220 Scott Brown MF 34 1 (1) 2009-2010, 2011-2012, 2014-2015, 2017-2021
20%
310 Sebastian Rode MF 31 1 (1) 2013-2014, 2018-2019, 2021-2022
20%
473 Sergio Asenjo GK 27 0 (0) 2009-2010, 2011-2012, 2014-2017, 2020-2021
20%
169 Sergio Canales MF, FW 36 6 (10) 2011-2012, 2013-2014, 2017-2018, 2021-2023
20%
75 Silvio Proto GK 44 0 (0) 2009-2011, 2014-2015, 2018-2020
20%
474 Sofiane Feghouli MF, FW 27 6 (4) 2011-2012, 2013-2014, 2015-2016, 2018-2019, 2021-2022
20%
76 Ștefan Radu DF 44 1 (2) 2009-2010, 2011-2013, 2015-2016, 2017-2018, 2021-2023
20%
38 Stephan El Shaarawy DF, MF, FW 50 7 (7) 2015-2016, 2020-2021, 2022-2025
20%
277 Steven Davis MF 32 1 (2) 2010-2011, 2016-2017, 2019-2022
20%
475 Takumi Minamino MF, FW 27 6 (2) 2014-2015, 2016-2018, 2022-2023
20%
477 Taras Stepanenko MF 27 4 (0) 2013-2014, 2015-2016, 2018-2020, 2022-2024
20%
278 Teun Koopmeiners DF, MF 32 4 (6) 2019-2021, 2023-2024
20%
478 Toral Bayramov DF, FW 27 2 (2) 2020-2021, 2022-2025
20%
383 Veli Kavlak MF 29 2 (0) 2009-2011, 2014-2015
20%
39 Vicente Iborra MF 50 7 (2) 2012-2015, 2018-2019, 2020-2021, 2023-2024
20%
247 Viktor Tsyhankov MF, FW 33 9 (11) 2017-2020, 2022-2023
20%
151 Vitolo MF, FW 37 8 (6) 2013-2015, 2017-2018
20%
197 Vlad Chiricheș DF, MF 35 4 (2) 2011-2015, 2018-2019, 2024-2025
20%
311 Volkan Demirel GK 31 0 (0) 2009-2010, 2012-2013, 2015-2017
20%
248 Willian José FW 33 9 (1) 2017-2018, 2020-2024
20%
385 Xaver Schlager MF 29 2 (1) 2016-2020
20%
426 Yaroslav Rakitskiy DF 28 3 (1) 2009-2010, 2013-2014, 2015-2016, 2018-2019, 2021-2024
20%
606 Yassine Benzia MF, FW 25 4 (2) 2012-2013, 2018-2019, 2023-2025
20%
386 Yevhen Seleznyov FW 29 8 (2) 2012-2015, 2018-2019
20%
607 Younès Belhanda MF, FW 25 1 (1) 2013-2016, 2018-2019
20%
529 Yuri Zhirkov DF, MF 26 2 (2) 2012-2013, 2014-2015, 2016-2018
20%
249 Zeki Çelik DF 33 2 (3) 2020-2021, 2022-2025
20%
530 Abdoulay Konko DF, MF 25 0 (0) 2010-2013, 2015-2016
0%
531 Adnan Januzaj MF, FW 25 2 (3) 2015-2016, 2017-2018, 2020-2022
0%
340 Alain Nef DF 29 0 (1) 2010-2011, 2012-2013, 2014-2015, 2016-2017, 2018-2019
0%
427 Alan Kasaev MF 27 2 (1) 2009-2012, 2015-2016
0%
481 Alejandro Pozuelo MF, FW 26 2 (10) 2013-2014, 2016-2017, 2018-2019
0%
251 Aleksandr Erokhin MF, FW 32 3 (0) 2009-2010, 2016-2018, 2021-2022
0%
281 Aleksandr Kokorin MF, FW 31 15 (4) 2014-2015, 2016-2018, 2023-2024
0%
202 Alexander Walke GK 34 0 (0) 2010-2011, 2014-2015, 2016-2019
0%
225 Alexandru Bourceanu DF, MF 33 0 (4) 2009-2010, 2011-2014, 2016-2017
0%
342 Alexandru Chipciu DF, MF, FW 29 3 (3) 2012-2013, 2014-2015, 2016-2017, 2020-2021
0%
533 Alfonso Pedraza DF, MF, FW 25 1 (0) 2015-2016, 2018-2019, 2020-2021, 2023-2024
0%
175 Álvaro Domínguez DF 35 1 (2) 2009-2012, 2014-2015
0%
534 Amer Gojak MF, FW 25 2 (0) 2018-2019, 2021-2023
0%
343 Amine Adli MF, FW 29 4 (2) 2021-2024
0%
483 Amin Younes MF, FW 26 4 (2) 2012-2013, 2015-2016, 2018-2019
0%
77 Ander Iturraspe MF 43 0 (1) 2009-2010, 2011-2012, 2015-2017, 2019-2020
0%
535 Anders Christiansen MF, FW 25 2 (1) 2018-2019, 2022-2023, 2024-2025
0%
388 Andoni Gorosabel DF 28 0 (3) 2017-2018, 2020-2022, 2024-2025
0%
389 Andoni Iraola DF, MF 28 1 (1) 2009-2010, 2011-2012, 2014-2015
0%
484 Andreas Bouchalakis MF 26 1 (0) 2016-2017, 2018-2023
0%
485 Andreas Isaksson GK 26 0 (0) 2009-2012
0%
391 Andrey Lunyov GK 28 0 (0) 2017-2018, 2021-2022, 2023-2024
0%
486 Andrija Živković MF, FW 26 7 (4) 2014-2015, 2018-2019, 2020-2021, 2024-2025
0%
430 Anthony Moris GK 27 0 (0) 2011-2012, 2022-2025
0%
135 Antonio Candreva DF, MF, FW 38 4 (5) 2009-2010, 2011-2013, 2015-2016, 2018-2020
0%
176 Antonio Rukavina DF 35 0 (4) 2014-2020
0%
392 Anton Nedyalkov DF 28 0 (3) 2018-2022, 2024-2025
0%
344 Ari FW 29 10 (2) 2010-2011, 2014-2021
0%
136 Arijan Ademi MF 38 1 (5) 2010-2011, 2013-2014, 2018-2019, 2020-2022
0%
316 Aritz Elustondo DF 30 1 (1) 2017-2018, 2020-2022, 2024-2025
0%
153 Artem Fedetskyi DF 36 5 (1) 2010-2011, 2012-2016
0%
488 Artur Jędrzejczyk DF 26 0 (1) 2011-2012, 2014-2016, 2021-2022
0%
538 Aymeric Laporte DF 25 0 (0) 2012-2013, 2014-2018
0%
68 Badavi Huseynov DF 45 0 (1) 2014-2016, 2018-2020, 2022-2025
0%
99 Behrang Safari DF 41 0 (1) 2009-2011, 2013-2014, 2015-2016, 2018-2020
0%
346 Benjamin Bourigeaud MF, FW 29 4 (4) 2018-2019, 2022-2024
0%
431 Benoît Trémoulinas DF 27 0 (2) 2012-2016
0%
23 Bibras Natkho MF, FW 53 11 (11) 2009-2013, 2017-2020
0%
137 Bořek Dočkal MF, FW 38 4 (12) 2012-2013, 2014-2016, 2020-2022
0%
203 Bruma MF, FW 34 8 (5) 2017-2021, 2023-2025
0%
489 Bruno Gama MF, FW 26 1 (2) 2013-2016
0%
154 Charles Kaboré DF, MF 36 2 (3) 2009-2010, 2012-2013, 2015-2016, 2018-2019
0%
543 Christian Burgess DF 25 2 (1) 2022-2025
0%
433 Christian Maggio DF, MF 27 1 (0) 2010-2011, 2012-2015, 2017-2018
0%
491 Christian Noboa MF 26 4 (5) 2009-2011, 2014-2015, 2016-2018
0%
393 Christian Schwegler DF 28 0 (2) 2009-2011, 2013-2014, 2016-2017
0%
544 Christophe Jallet DF 25 1 (2) 2010-2011, 2016-2018
0%
347 Christopher Trimmel DF, MF, FW 29 2 (2) 2009-2010, 2012-2013, 2022-2023
0%
178 Christoph Leitgeb MF, FW 35 1 (5) 2009-2011, 2013-2014, 2017-2019
0%
204 Cicinho DF, MF 34 0 (1) 2017-2023
0%
545 Ciprian Deac MF, FW 25 5 (4) 2009-2010, 2011-2012, 2019-2021
0%
394 Claudiu Keșerü FW 28 11 (3) 2014-2015, 2016-2021
0%
434 Cleiton Xavier MF 27 8 (4) 2010-2012, 2014-2015
0%
55 Connor Goldson DF 47 1 (0) 2018-2021, 2023-2024
0%
317 Cosmin Moți DF 30 1 (0) 2009-2010, 2013-2014, 2016-2021
0%
548 Cristian Ledesma MF 25 0 (0) 2011-2013, 2016-2017
0%
318 Cristian Tănase MF 30 4 (3) 2009-2012, 2014-2015, 2017-2018
0%
285 Cristian Villagra DF 31 1 (2) 2010-2012, 2014-2015
0%
319 Danilo Cataldi MF 30 1 (1) 2015-2016, 2018-2019, 2021-2023
0%
227 David Limberský DF, MF 33 0 (2) 2011-2013, 2015-2019
0%
350 David Pavelka DF, MF 29 1 (5) 2012-2013, 2015-2016, 2020-2021, 2023-2024
0%
436 David Pizarro MF 27 2 (3) 2009-2010, 2011-2012, 2013-2015
0%
493 Davy De fauw DF 26 2 (0) 2013-2015, 2017-2018
0%
494 Dénes Dibusz GK 26 0 (0) 2019-2020, 2021-2022, 2024-2025
0%
114 Denys Harmash MF, FW 40 5 (0) 2010-2014, 2017-2019, 2022-2023
0%
257 Diadie Samassékou MF 32 0 (2) 2016-2018, 2020-2021, 2024-2025
0%
396 Diego Capel MF 28 2 (7) 2010-2012, 2016-2017
0%
552 Dieumerci Mbokani FW 25 6 (4) 2009-2010, 2011-2012, 2013-2014, 2017-2018, 2020-2021
0%
181 Dimitris Salpingidis MF, FW 35 9 (3) 2009-2011, 2013-2015
0%
555 Dušan Švento DF, MF 25 6 (1) 2009-2011, 2013-2014
0%
288 Edmar Halovskyi de Lacerda MF 31 5 (2) 2010-2012, 2014-2016
0%
397 Elseid Hysaj DF 28 0 (0) 2015-2016, 2017-2018, 2020-2022, 2024-2025
0%
496 Elvin Cəfərquliyev DF 26 0 (1) 2020-2021, 2022-2025
0%
289 Emerson Palmieri DF, MF 31 1 (2) 2016-2017, 2018-2019, 2021-2022, 2023-2024
0%
437 Étienne Capoue MF 27 1 (0) 2009-2010, 2013-2014, 2020-2021, 2023-2024
0%
497 Exequiel Palacios MF 26 2 (2) 2019-2024
0%
351 Eyal Golasa MF, FW 29 2 (0) 2011-2012, 2013-2017, 2020-2021
0%
498 Ezequiel Garay DF 26 2 (0) 2012-2014, 2018-2019
0%
438 Fábio Coentrão DF, FW 27 1 (2) 2009-2010, 2015-2016, 2017-2018
0%
352 Faouzi Ghoulam DF 29 0 (0) 2013-2015, 2018-2019, 2020-2022
0%
353 Felipe Caicedo MF, FW 29 6 (4) 2009-2010, 2011-2012, 2017-2020
0%
499 Fotios Papoulis MF, FW 26 2 (1) 2013-2014, 2017-2018, 2020-2021, 2022-2023
0%
500 Francesco Acerbi DF 26 0 (0) 2016-2017, 2018-2019, 2021-2022
0%
439 Francis Coquelin DF, MF 27 1 (0) 2013-2014, 2017-2018, 2020-2021, 2023-2024
0%
321 Fredy Guarín MF 30 9 (9) 2010-2011, 2012-2013, 2014-2015
0%
501 Fyodor Smolov MF, FW 26 5 (2) 2012-2013, 2015-2016, 2021-2022
0%
233 Galeno DF, MF, FW 33 10 (11) 2019-2021, 2024-2025
0%
126 Gara Garayev DF, MF 39 0 (2) 2014-2016, 2018-2020, 2022-2023
0%
291 Giorgos Masouras MF, FW 31 4 (4) 2018-2025
0%
558 Giorgos Merkis DF 25 1 (0) 2013-2014, 2016-2017, 2019-2020
0%
559 Gojko Cimirot DF, MF 25 0 (0) 2015-2016, 2018-2021
0%
354 Gonzalo Higuaín MF, FW 29 12 (6) 2013-2015, 2018-2019
0%
560 Goran Cvijanović MF 25 0 (1) 2011-2015
0%
355 Gorka Iraizoz GK 29 0 (0) 2009-2010, 2011-2012, 2016-2017
0%
561 Guélor Kanga MF, FW 25 6 (3) 2017-2018, 2020-2023
0%
562 Guilherme Marinato GK 25 0 (0) 2011-2012, 2015-2016, 2017-2018, 2021-2022
0%
260 Guillaume Gillet DF, MF 32 8 (0) 2009-2011, 2015-2016
0%
563 Guillaume Hoarau FW 25 15 (2) 2010-2011, 2014-2015, 2016-2017, 2019-2020
0%
440 Hans Hateboer DF, MF 27 0 (1) 2015-2016, 2017-2018, 2021-2022, 2023-2024
0%
398 Héctor Bellerín DF, MF 28 1 (5) 2017-2018, 2019-2024
0%
261 Hernanes MF 32 1 (6) 2011-2015
0%
399 Houssem Aouar MF, FW 28 4 (1) 2016-2017, 2021-2022, 2023-2024
0%
502 Hulk MF, FW 26 10 (6) 2010-2012, 2014-2015
0%
356 Iago Herrerín GK 29 0 (0) 2014-2018
0%
441 Iasmin Latovlevici DF, MF 27 2 (1) 2010-2012, 2014-2015, 2020-2021
0%
442 Igor de Camargo MF, FW 27 9 (1) 2009-2010, 2012-2014, 2016-2017
0%
443 Igor Denisov MF 27 2 (3) 2010-2011, 2012-2013, 2014-2015, 2017-2018
0%
504 Igor Shitov DF, MF 26 0 (3) 2009-2010, 2016-2018
0%
357 Igor Zubeldia DF, MF 29 0 (1) 2017-2018, 2020-2022, 2024-2025
0%
505 Isaac Kiese Thelin FW 26 4 (1) 2015-2016, 2018-2019, 2022-2023, 2024-2025
0%
400 Ivan Rakitić MF 28 2 (5) 2010-2011, 2013-2014, 2021-2023
0%
444 Ivan Strinić DF 27 0 (2) 2010-2011, 2012-2016
0%
325 Ivan Tomečak DF, MF 30 2 (2) 2009-2010, 2013-2015, 2020-2021
0%
565 Ivica Vrdoljak DF, MF 25 0 (0) 2009-2010, 2011-2012, 2013-2015
0%
401 Jakob Jantscher MF, FW 28 5 (3) 2009-2011, 2021-2023
0%
445 Jakub Brabec DF 27 4 (0) 2014-2017
0%
446 Jakub Rzeźniczak DF 27 0 (0) 2011-2012, 2013-2015, 2018-2019
0%
295 James Forrest DF, MF, FW 31 1 (5) 2011-2012, 2014-2015, 2017-2019, 2021-2022
0%
209 Jan Bořil DF, MF 34 0 (2) 2017-2018, 2020-2021, 2023-2025
0%
566 Jan Kopic DF, MF, FW 25 2 (2) 2015-2017, 2024-2025
0%
567 Jan Kuchta MF, FW 25 5 (3) 2020-2021, 2023-2025
0%
358 Jan Lecjaks DF 29 1 (4) 2010-2011, 2012-2013, 2014-2015, 2016-2017, 2020-2021, 2022-2023
0%
506 Jens Toornstra MF, FW 26 5 (2) 2014-2015, 2016-2017, 2019-2021
0%
263 Jérémy Mathieu DF 32 2 (1) 2009-2010, 2011-2012, 2013-2014, 2017-2020
0%
237 Jetro Willems DF, MF 33 0 (2) 2011-2014, 2018-2019
0%
447 Joãozinho MF, FW 27 5 (3) 2009-2010, 2014-2017
0%
264 Joe Aribo DF, MF, FW 32 3 (3) 2019-2022
0%
448 Johan Dahlin GK 27 0 (0) 2011-2012, 2018-2019, 2022-2023, 2024-2025
0%
507 Jóhann Berg Guðmundsson MF, FW 26 4 (2) 2010-2011, 2013-2014
0%
402 Jonas Lössl GK 28 0 (0) 2014-2015, 2016-2017, 2021-2022, 2024-2025
0%
451 Jordy Clasie MF 27 1 (1) 2014-2015, 2016-2017, 2019-2020, 2024-2025
0%
103 José Antonio Reyes MF 41 4 (10) 2009-2011, 2013-2016
0%
326 Josip Iličić MF, FW 30 11 (5) 2013-2018
0%
116 Koka FW 40 9 (1) 2014-2021
0%
569 Konstantin Rausch DF, MF 25 1 (0) 2011-2012, 2017-2018
0%
360 Kristoffer Zachariassen MF, FW 29 6 (0) 2018-2019, 2021-2022, 2024-2025
0%
299 Ladislav Krejčí DF, MF, FW 31 7 (4) 2012-2013, 2014-2015, 2020-2022
0%
239 Léo Matos DF, MF 33 0 (3) 2013-2016, 2018-2019, 2020-2021
0%
161 Lior Refaelov MF, FW 36 12 (11) 2011-2012, 2014-2015, 2020-2021, 2023-2024
0%
455 Ludovic Obraniak MF 27 4 (4) 2009-2010, 2012-2014
0%
456 Lukáš Hejda DF 27 1 (1) 2010-2011, 2012-2013, 2015-2017, 2024-2025
0%
267 Lukáš Mareček DF, MF 32 2 (1) 2010-2011, 2014-2017
0%
509 Lukáš Masopust DF, MF, FW 26 2 (1) 2018-2019, 2020-2021, 2023-2024
0%
510 Magomed Ozdoyev MF 26 1 (3) 2011-2012, 2015-2016, 2018-2019, 2024-2025
0%
213 Maksim Medvedev DF 34 1 (1) 2014-2016, 2018-2020, 2022-2024
0%
240 Marcelinho MF, FW 33 4 (4) 2013-2014, 2016-2020
0%
571 Marc Janko FW 25 11 (3) 2009-2011, 2013-2014, 2015-2016
0%
363 Marcos Acuña DF, MF, FW 29 0 (3) 2017-2019, 2021-2023
0%
458 Marco Torsiglieri DF, MF 27 0 (0) 2010-2012, 2014-2015
0%
140 Marek Bakoš FW 38 7 (1) 2011-2013, 2015-2019
0%
364 Marek Matějovský MF 29 0 (1) 2010-2011, 2012-2013, 2014-2016
0%
51 Mario Gaspar DF, MF 48 0 (0) 2010-2011, 2014-2018, 2020-2021
0%
328 Mario Holek DF, MF 30 1 (1) 2012-2013, 2014-2017
0%
104 Mario Sonnleitner DF 41 1 (0) 2009-2010, 2012-2013, 2015-2016, 2018-2019, 2020-2021
0%
33 Markel Susaeta MF, FW 51 8 (9) 2009-2010, 2011-2012, 2014-2018
0%
329 Marko Janković DF, MF, FW 30 3 (2) 2017-2018, 2022-2025
0%
302 Marko Marin MF, FW 31 4 (2) 2009-2010, 2012-2014, 2016-2017
0%
409 Marko Vešović DF, MF 28 2 (1) 2014-2015, 2017-2018, 2022-2025
0%
117 Marlos MF, FW 40 6 (12) 2011-2012, 2015-2016, 2018-2021
0%
573 Marten de Roon DF, MF 25 0 (1) 2017-2018, 2021-2022, 2023-2024
0%
511 Martín Zubimendi MF 26 1 (1) 2020-2022, 2024-2025
0%
214 Mateo Musacchio DF 34 1 (0) 2009-2010, 2014-2019
0%
461 Mattias Johansson DF 27 0 (1) 2013-2014, 2015-2016, 2021-2022
0%
512 Mauricio Pereyra MF 26 2 (1) 2014-2016, 2018-2019
0%
242 Maxime Gonalons MF 33 2 (1) 2012-2013, 2016-2017, 2018-2019, 2020-2021
0%
462 Maxime Lestienne MF, FW 27 6 (0) 2009-2012, 2018-2021
0%
463 Mbwana Samatta MF, FW 27 9 (2) 2016-2017, 2018-2019, 2021-2022, 2024-2025
0%
216 Mehdi Carcela MF, FW 34 1 (1) 2009-2010, 2012-2014, 2018-2021
0%
464 Michael Ngadeu-Ngadjui DF, MF 27 3 (1) 2017-2021
0%
411 Michal Ďuriš MF, FW 28 4 (1) 2011-2013, 2015-2016, 2020-2021
0%
578 Michał Kucharczyk MF, FW 25 3 (2) 2011-2012, 2013-2017
0%
413 Miguel Vítor DF 28 2 (1) 2009-2010, 2013-2017, 2020-2021
0%
366 Mijat Gaćinović DF, MF, FW 29 4 (6) 2018-2020, 2023-2024
0%
367 Mikael Lustig DF 29 1 (2) 2010-2011, 2014-2015, 2017-2020
0%
243 Mikel Oyarzabal MF, FW 33 10 (3) 2017-2018, 2020-2022, 2024-2025
0%
132 Milan Badelj MF 39 1 (1) 2009-2010, 2014-2016, 2018-2019
0%
368 Milan Borjan GK 29 0 (0) 2017-2018, 2020-2023
0%
369 Milan Petržela MF, FW 29 4 (4) 2011-2012, 2013-2014, 2015-2019
0%
513 Milan Rodić DF 26 1 (2) 2012-2013, 2014-2015, 2017-2018, 2020-2023
0%
465 Mile Svilar GK 27 0 (0) 2022-2025
0%
370 Mirko Ivanić MF, FW 29 5 (4) 2017-2018, 2020-2023
0%
330 Mislav Oršić MF, FW 30 13 (5) 2018-2019, 2020-2022
0%
415 Moussa Sissoko MF, FW 28 1 (2) 2009-2010, 2012-2013, 2016-2017, 2020-2021, 2022-2023
0%
583 Nemanja Miletić DF 25 0 (1) 2017-2018, 2019-2020, 2022-2023
0%
515 Nenad Erić GK 26 0 (0) 2016-2020
0%
81 Nenad Tomović DF 43 0 (1) 2009-2010, 2013-2016, 2022-2023
0%
584 Nicolae Stanciu MF 25 7 (6) 2014-2015, 2016-2017, 2020-2021
0%
416 Nicolai Jørgensen MF, FW 28 4 (1) 2010-2011, 2012-2013, 2014-2015, 2016-2017, 2019-2021
0%
585 Nuno Sequeira DF, MF 25 0 (6) 2017-2018, 2019-2023
0%
273 Odil Ahmedov MF 32 2 (2) 2012-2017
0%
468 Oleg Kuzmin DF 27 1 (4) 2010-2013, 2015-2016
0%
518 Oleg Shatov MF, FW 26 1 (1) 2012-2013, 2014-2015, 2016-2019
0%
189 Oleh Husyev DF, MF 35 12 (6) 2010-2014, 2017-2018
0%
519 Oleksandr Shovkovskiy GK 26 0 (0) 2010-2011, 2013-2015
0%
304 Olivier Deschacht DF 31 0 (1) 2009-2011, 2014-2017
0%
418 Omar El Kaddouri MF 28 1 (7) 2012-2013, 2014-2015, 2018-2019, 2020-2021
0%
107 Ondřej Mazuch DF 41 0 (1) 2009-2010, 2012-2014, 2016-2017
0%
589 Orlando Engelaar DF, MF 25 1 (0) 2009-2013
0%
520 Oscar Dorley DF, MF, FW 26 0 (2) 2020-2021, 2023-2025
0%
591 Patrik Hrošovský MF 25 1 (2) 2013-2014, 2015-2018, 2021-2022
0%
191 Paulo Oliveira DF 35 0 (1) 2013-2015, 2021-2025
0%
372 Peter Ankersen DF 29 1 (4) 2013-2014, 2016-2019
0%
374 Peter Olayinka DF, MF, FW 29 3 (4) 2015-2016, 2017-2018, 2020-2021
0%
121 Pieros Sotiriou MF, FW 40 8 (1) 2013-2014, 2015-2019, 2021-2022
0%
470 Radim Řezník DF 27 1 (5) 2012-2013, 2016-2019
0%
593 Rashad Sadygov DF 25 1 (2) 2014-2016, 2018-2020
0%
275 Rasmus Falk MF, FW 32 4 (4) 2010-2011, 2016-2020
0%
332 Raul Rusescu MF, FW 30 15 (0) 2009-2010, 2011-2014, 2016-2017
0%
109 Ricardo Esgaio DF, MF, FW 41 1 (7) 2012-2013, 2015-2016, 2017-2018, 2019-2020, 2022-2024
0%
596 Robert Berić FW 25 7 (1) 2011-2012, 2015-2016, 2019-2020
0%
375 Róbert Mak MF, FW 29 6 (3) 2014-2016, 2018-2019, 2021-2022
0%
419 Rob Holding DF 28 2 (0) 2017-2020, 2022-2023
0%
376 Robin Knoche DF 29 4 (1) 2014-2015, 2019-2020, 2022-2023
0%
276 Roland Juhász DF 32 3 (1) 2009-2011, 2018-2019
0%
193 Rolando DF 35 3 (0) 2010-2012, 2014-2015, 2017-2018, 2020-2021
0%
166 Roman Bezus MF, FW 36 1 (3) 2011-2015, 2019-2020, 2022-2023
0%
377 Roman Zozulya FW 29 6 (5) 2010-2011, 2012-2016
0%
471 Roy Beerens MF, FW 27 0 (4) 2009-2010, 2011-2012, 2013-2014
0%
218 Ruslan Rotan MF 34 5 (6) 2012-2015, 2017-2018
0%
597 Salvatore Bocchetti DF 25 0 (0) 2009-2012, 2017-2019
0%
149 Scott Arfield MF, FW 37 3 (0) 2018-2022
0%
194 Sebastián Coates DF 35 6 (0) 2012-2013, 2015-2016, 2017-2019, 2022-2024
0%
167 Sékou Sanogo DF, MF 36 1 (0) 2013-2014, 2016-2017, 2020-2023
0%
333 Sergei Petrov DF, MF 30 0 (2) 2014-2016, 2018-2020
0%
168 Sergey Ryzhikov GK 36 0 (0) 2009-2013, 2015-2016
0%
111 Serhiy Sydorchuk MF 41 1 (1) 2013-2014, 2017-2020, 2022-2023
0%
421 Srđan Grahovac MF, FW 28 0 (2) 2015-2018, 2020-2022
0%
422 Stanislav Manolev DF, MF 28 1 (0) 2009-2012, 2014-2015
0%
335 Stefan Ilsanker DF, MF 30 0 (0) 2013-2014, 2017-2019, 2021-2022
0%
196 Stefanos Athanasiadis FW 35 11 (3) 2010-2011, 2013-2017
0%
246 Stefan Schwab MF 33 4 (7) 2015-2016, 2018-2019, 2020-2021, 2024-2025
0%
599 Steffen Hofmann MF 25 6 (2) 2009-2010, 2012-2013, 2015-2017
0%
379 Stéphane Badji MF 29 0 (0) 2015-2016, 2019-2022
0%
423 Stijn Schaars MF 28 1 (2) 2010-2014
0%
424 Svetoslav Dyakov MF 28 2 (0) 2013-2014, 2016-2020
0%
524 Tamás Kádár DF 26 0 (0) 2015-2016, 2017-2020
0%
525 Thomas Buffel MF, FW 26 5 (4) 2012-2013, 2016-2017
0%
602 Tim Matavž FW 25 9 (1) 2011-2013, 2015-2016, 2017-2018
0%
381 Tomáš Holeš DF, MF 29 1 (2) 2018-2019, 2020-2021, 2023-2025
0%
603 Tomáš Hořava MF 25 7 (2) 2013-2014, 2015-2019
0%
67 Tomasz Kędziora DF 46 1 (1) 2015-2016, 2017-2020, 2022-2023, 2024-2025
0%
527 Tore Reginiussen DF 26 1 (1) 2011-2012, 2015-2016, 2017-2020
0%
337 Uroš Spajić DF 30 0 (1) 2016-2017, 2018-2021
0%
382 Václav Kadlec FW 29 7 (4) 2009-2010, 2012-2013, 2015-2017
0%
604 Václav Procházka DF 25 1 (2) 2011-2013, 2015-2017
0%
133 Vadis Odjidja-Ofoe DF, MF 39 3 (5) 2009-2012, 2016-2017, 2019-2021
0%
145 Valentin Stocker MF 38 7 (11) 2009-2010, 2012-2013, 2017-2018, 2019-2020
0%
171 Valon Berisha MF, FW 36 5 (3) 2013-2014, 2016-2020
0%
479 Vieirinha DF, FW 27 5 (5) 2010-2011, 2014-2015, 2018-2019
0%
221 Vitali Kaleshin DF, MF 34 0 (1) 2009-2012, 2014-2017
0%
112 Vitaliy Buyalskyi MF, FW 41 8 (11) 2014-2015, 2017-2020, 2022-2023, 2024-2025
0%
279 Volodymyr Shepelyev MF 32 0 (1) 2017-2020, 2022-2023, 2024-2025
0%
528 William Kvist MF 26 0 (2) 2009-2010, 2012-2013, 2016-2019
0%
338 Wilson Eduardo MF, FW 30 8 (3) 2012-2013, 2014-2017, 2019-2020
0%
384 Wout Brama MF 29 1 (0) 2009-2013
0%
425 Wout Weghorst FW 28 5 (2) 2016-2017, 2019-2020, 2022-2023, 2024-2025
0%
605 Xabier Etxeita DF 25 1 (0) 2009-2010, 2014-2017, 2019-2020
0%
198 Yann M'Vila DF, MF 35 1 (0) 2011-2012, 2013-2014, 2019-2023
0%
312 Yevhen Cheberyachko DF 31 0 (0) 2012-2016
0%
199 Yevhen Khacheridi DF 35 1 (0) 2010-2014, 2017-2019
0%
339 Yevhen Shakhov MF, FW 30 4 (0) 2013-2016, 2018-2019, 2020-2021
0%
200 Yuri Gazinskiy MF 35 1 (2) 2014-2016, 2018-2021
0%
201 Zeca MF 35 1 (0) 2012-2013, 2014-2015, 2016-2020
0%
No matching quizzes found
Score Distribution
Percent of People with Each Score
Percentile by Number Answered
Your Score History
You have not taken this quiz